[Event "Belgrade-chT"]
[Site "Belgrade"]
[Date "2020.10.12"]
[Round "8.5"]
[White "Stankovic, Boris"]
[Black "Vlahovic, Goran"]
[Result "1-0"]
[WhiteElo "2082"]
[BlackElo "2007"]
[PlyCount "52"]
[EventDate "2020.10.04"]
[EventType "team-tourn"]
[EventRounds "9"]
[EventCountry "SRB"]
[SourceTitle "EXT 2022"]
[Source "ChessBase"]
[SourceDate "2021.10.06"]
[SourceVersion "1"]
[SourceVersionDate "2021.10.06"]
[SourceQuality "1"]
[WhiteTeam "Grocka Pobednik"]
[BlackTeam "Belgrade Radnicki"]
[WhiteTeamCountry "SRB"]
[BlackTeamCountry "SRB"]

1. e4 e5 2. Nf3 Nc6 3. d4 exd4 4. Bc4 Nf6 5. e5 d5 6. Bb5 Ne4 7. Nxd4 Bd7 8. Bxc6 bxc6 9. 0-0 Qh4 10. f3 Ng5 11. Bxg5 Qxg5 12. f4 Qh4 13. f5 Bc5 14. c3 0-0 15. Kh1 Rae8 16. Nd2 Bxd4 17. Nf3 Qh5 18. Qxd4 Bxf5 19. Qxa7 Be4 20. Qxc7 Re6 21. a4 Rh6 22. Rf2 g5 23. e6 Rxe6 24. a5 c5 25. a6 g4 26. Qg3 Rxa6 1-0

[Event "Belgrade-chT"]
[Site "Belgrade"]
[Date "2020.10.11"]
[Round "7.6"]
[White "Djurasevic, Branislav"]
[Black "Vlahovic, Goran"]
[Result "1-0"]
[WhiteElo "2055"]
[BlackElo "2007"]
[PlyCount "75"]
[EventDate "2020.10.04"]
[EventType "team-tourn"]
[EventRounds "9"]
[EventCountry "SRB"]
[SourceTitle "EXT 2022"]
[Source "ChessBase"]
[SourceDate "2021.10.06"]
[SourceVersion "1"]
[SourceVersionDate "2021.10.06"]
[SourceQuality "1"]
[WhiteTeam "Mirjevo"]
[BlackTeam "Belgrade Radnicki"]
[WhiteTeamCountry "SRB"]
[BlackTeamCountry "SRB"]

1. e4 e5 2. Nc3 Nf6 3. g3 c6 4. d4 Bb4 5. Bg2 Qa5 6. Nge2 0-0 7. dxe5 Qxe5 8. 0-0 Qh5 9. a3 Be7 10. Nf4 Qxd1 11. Rxd1 d6 12. h3 Nbd7 13. Nd3 Nb6 14. f4 Re8 15. a4 a5 16. Be3 Bd8 17. Bf2 Bc7 18. b3 Bd7 19. g4 h6 20. Kf1 Rad8 21. Bh4 Ra8 22. Bxf6 gxf6 23. Ne2 c5 24. c4 Bc6 25. Ng3 Nc8 26. Nh5 Bd8 27. e5 Bxg2+ 28. Kxg2 fxe5 29. fxe5 Bg5 30. exd6 Nxd6 31. Nxc5 Ne4 32. Nxe4 Rxe4 33. Re1 Rae8 34. Rxe4 Rxe4 35. Rf1 Re2+ 36. Rf2 Re3 37. Rf3 Re2+ 38. Kf1 1-0

[Event "Belgrade-chT"]
[Site "Belgrade"]
[Date "2020.10.07"]
[Round "4.6"]
[White "Vlahovic, Goran"]
[Black "Kostadinovic, Uros"]
[Result "1-0"]
[WhiteElo "2007"]
[BlackElo "1920"]
[PlyCount "63"]
[EventDate "2020.10.04"]
[EventType "team-tourn"]
[EventRounds "9"]
[EventCountry "SRB"]
[SourceTitle "EXT 2022"]
[Source "ChessBase"]
[SourceDate "2021.10.06"]
[SourceVersion "1"]
[SourceVersionDate "2021.10.06"]
[SourceQuality "1"]
[WhiteTeam "Belgrade Radnicki"]
[BlackTeam "Tadic"]
[WhiteTeamCountry "SRB"]
[BlackTeamCountry "SRB"]

1. d4 Nf6 2. Nf3 g6 3. Bg5 Bg7 4. Nbd2 0-0 5. e4 d6 6. Bc4 Nbd7 7. e5 dxe5 8. dxe5 Ng4 9. e6 Nb6 10. exf7+ Kh8 11. Bb3 h6 12. Bh4 Bxb2 13. h3 Ne5 14. 0-0 Nxf7 15. Qe2 g5 16. Bg3 e6 17. Rad1 Nd5 18. Ne4 Qe8 19. c4 Bg7 20. cxd5 exd5 21. Bxd5 c6 22. Bxf7 Rxf7 23. Qc4 Be6 24. Qb4 Bf8 25. Nd6 Bxd6 26. Rxd6 Qf8 27. Qd4+ Kh7 28. Rxe6 c5 29. Qe4+ Kh8 30. Be5+ Kg8 31. Rd1 Rd8 32. Rg6+ 1-0

[Event "Belgrade-chT"]
[Site "Belgrade"]
[Date "2019.10.03"]
[Round "10.6"]
[White "Vlahovic, Goran"]
[Black "Gvozdenovic, Milos"]
[Result "1/2-1/2"]
[WhiteElo "2021"]
[BlackElo "1742"]
[PlyCount "22"]
[EventDate "2019.09.23"]
[EventType "team-tourn"]
[EventRounds "11"]
[EventCountry "SRB"]
[SourceTitle "EXT 2020"]
[Source "ChessBase"]
[SourceDate "2019.10.17"]
[SourceVersion "1"]
[SourceVersionDate "2019.10.17"]
[SourceQuality "1"]
[WhiteTeam "Belgrade Radnicki"]
[BlackTeam "Belgrade PTT"]
[WhiteTeamCountry "SRB"]
[BlackTeamCountry "SRB"]

1. Nf3 d5 2. b3 e6 3. Bb2 Nf6 4. e3 Be7 5. d4 0-0 6. Bd3 b6 7. 0-0 Bb7 8. Re1 Nbd7 9. Nbd2 Ne4 10. c4 Ndf6 11. Ne5 Bd6 1/2-1/2